000
00213nam a2200097Ia 4500
005
20251222114410.0
008
251222s1900||||xx |||||||||||||| ||spa||
082
_a
DVD0120/B94/1991
245
0
_a
Requiem:
942
_c
DVD
999
_c
1982
_d
1982